| 000 | 00882nam a22002057a 4500 | ||
|---|---|---|---|
| 008 | 131222n19uu xxkdo gr|||| 000 0 eng d | ||
| 043 | _ae-uk-en | ||
| 082 | 0 | 4 |
_222 _a338.0942 _bPRO |
| 110 | 2 |
_934732 _aDurham University Business School |
|
| 245 | 1 | 0 |
_aProfitability trends in Northern industries Yorkshire and Humberside and North (the North East and Cumbria) : _ba study for Lloyd Bowmaker / _cby Durham University Business School. |
| 260 |
_aBournemouth, United Kingdom : _bLloyd Bowmaker Corporate Finance Division, _c[19--] |
||
| 300 |
_a54 p. : _bchart, photograph ; _c30 cm. |
||
| 500 | _aAppendix : p. 51-54. | ||
| 650 | 0 |
_934733 _aIndustries _zEngland _zYorkshire |
|
| 650 | 0 |
_934734 _aIndustries _zEngland _zHumberside |
|
| 650 | 0 |
_934735 _aIndustries _zEngland _zCumbria |
|
| 653 |
_bGeneral _cDecember2013 |
||
| 655 |
_vreading book _934232 |
||
| 942 |
_2ddc _cBB _k338.0942 PRO |
||
| 999 |
_c17890 _d17862 |
||